|
|
|
|
| LEADER |
00000cam a22000004a 4500 |
| 001 |
musev2_17094 |
| 003 |
MdBmJHUP |
| 005 |
20230905041841.0 |
| 006 |
m o d |
| 007 |
cr||||||||nn|n |
| 008 |
110629s2011 sa o 00 0 eng d |
| 020 |
|
|
|a 9781920355708
|
| 020 |
|
|
|z 9781920355678
|
| 035 |
|
|
|a (OCoLC)759040841
|
| 040 |
|
|
|a MdBmJHUP
|c MdBmJHUP
|
| 043 |
|
|
|a f------
|
| 050 |
|
4 |
|a LC180.A35
|b U65 2011
|
| 245 |
0 |
4 |
|a The University in Africa and Democratic Citizenship :
|b Hothouse or Training Ground? /
|c Thierry M. Luescher-Mamashela, with Sam Kiiru ... [et al.].
|
| 264 |
|
1 |
|a Oxford, UK :
|b Outside Africa, African Books Collective [distributor],
|c 2011
|
| 264 |
|
3 |
|a Baltimore, Md. :
|b Project MUSE,
|c 2013
|
| 264 |
|
4 |
|c ©2011
|
| 300 |
|
|
|a 1 online resource (138 pages):
|b ill.
|
| 336 |
|
|
|a text
|b txt
|2 rdacontent
|
| 337 |
|
|
|a computer
|b c
|2 rdamedia
|
| 338 |
|
|
|a online resource
|b cr
|2 rdacarrier
|
| 490 |
0 |
|
|a Higher education and democracy
|
| 504 |
|
|
|a Includes bibliographical references (p.113-117).
|
| 506 |
0 |
|
|a Open Access
|f Unrestricted online access
|2 star
|
| 588 |
|
|
|a Description based on print version record.
|
| 650 |
|
0 |
|a Educational surveys
|z Africa.
|
| 650 |
|
0 |
|a Democracy and education
|z Africa.
|
| 650 |
|
0 |
|a Higher education and state
|z Africa.
|
| 650 |
|
0 |
|a Education
|z Africa
|x Philosophy.
|
| 650 |
|
0 |
|a Education, Higher
|x Political aspects
|z Africa.
|
| 655 |
|
7 |
|a Electronic books.
|2 local
|
| 700 |
1 |
|
|a Kiiru, Sam.
|
| 700 |
1 |
|
|a Luescher, Thierry M.
|
| 710 |
2 |
|
|a Project Muse
|
| 710 |
2 |
|
|a Project Muse.
|e distributor
|
| 830 |
|
0 |
|a Higher education and democracy.
|
| 830 |
|
0 |
|a Book collections on Project MUSE.
|
| 856 |
4 |
0 |
|z Texto completo
|u https://projectmuse.uam.elogim.com/book/17094/
|
| 945 |
|
|
|a Project MUSE - 2011 Complete Supplement
|
| 945 |
|
|
|a Project MUSE - 2011 Higher Education Supplement
|
| 945 |
|
|
|a Project MUSE - 2011 African Studies
|